[Event "Mar del Plata op 41st"]
[Site "Mar del Plata"]
[Date "2010.03.27"]
[Round "1"]
[White "De Dovitiis, Alejo"]
[Black "Maucci, Luis Marcelo"]
[Result "1-0"]
[WhiteElo "2355"]
[BlackElo "1939"]
[PlyCount "57"]
[EventDate "2010.03.27"]
[EventType "swiss"]
[EventRounds "9"]
[EventCountry "ARG"]
[SourceTitle "EXT 2011"]
[Source "ChessBase"]
[SourceDate "2010.11.26"]
[SourceVersion "1"]
[SourceVersionDate "2010.11.26"]
[SourceQuality "1"]

1. e4 c5 2. c3 d5 3. exd5 Qxd5 4. d4 Nf6 5. Nf3 Nc6 6. dxc5 Qxd1+ 7. Kxd1 Bg4 8. Bb5 e5 9. h3 Bxf3+ 10. gxf3 Bxc5 11. Rg1 0-0-0+ 12. Kc2 Nd5 13. Rxg7 Rhg8 14. Rxg8 Rxg8 15. b4 Bxf2 16. Kb3 Bb6 17. Bd3 Ne3 18. Bxh7 Rg1 19. Bxe3 Bxe3 20. Bf5+ Kb8 21. Be4 Rd1 22. a4 Rh1 23. a5 Nd8 24. Ra2 Nc6 25. Ra3 Bf4 26. a6 Nd8 27. axb7 Rg1 28. Ra5 Rg7 29. Rc5 1-0

[Event "Mar del Plata op 40th"]
[Site "Mar del Plata"]
[Date "2009.04.09"]
[Round "6"]
[White "Maucci, Luis Marcelo"]
[Black "Gallego, Gonzalo"]
[Result "1-0"]
[WhiteElo "1958"]
[BlackElo "2177"]
[PlyCount "79"]
[EventDate "2009.04.05"]
[EventType "swiss"]
[EventRounds "9"]
[EventCountry "ARG"]
[SourceTitle "CBM 129 Extra"]
[Source "ChessBase"]
[SourceDate "2009.05.05"]
[SourceVersion "2"]
[SourceVersionDate "2009.05.20"]
[SourceQuality "1"]

1. e4 c5 2. Nf3 Nc6 3. d4 cxd4 4. Nxd4 Nf6 5. Nc3 e5 6. Ndb5 d6 7. Bg5 a6 8. Na3 b5 9. Nab1 Be7 10. Bxf6 Bxf6 11. a4 bxa4 12. Rxa4 0-0 13. Nd5 Bg5 14. Bd3 Bd7 15. Ra1 Nd4 16. c3 Nb5 17. Nd2 g6 18. Nc4 Bc6 19. Nce3 Kh8 20. Qg4 Bd7 21. Qe2 f5 22. exf5 gxf5 23. h4 Bh6 24. Qh5 Bxe3 25. Nxe3 e4 26. Bc4 f4 27. Nd5 Rf5 28. Qh6 Rc8 29. Bb3 e3 30. fxe3 fxe3 31. Rd1 Qg8 32. Nxe3 Qg3+ 33. Kd2 Rf2+ 34. Kc1 Nxc3 35. bxc3 Rxc3+ 36. Bc2 Rcxc2+ 37. Nxc2 Qxg2 38. Nd4 Ra2 39. Qf6+ Kg8 40. Qg5+ 1-0

[Event "Mar del Plata op 40th"]
[Site "Mar del Plata"]
[Date "2009.04.06"]
[Round "3"]
[White "Maucci, Luis Marcelo"]
[Black "Mavrich, Demian"]
[Result "0-1"]
[WhiteElo "1958"]
[BlackElo "2217"]
[PlyCount "78"]
[EventDate "2009.04.05"]
[EventType "swiss"]
[EventRounds "9"]
[EventCountry "ARG"]
[SourceTitle "CBM 129 Extra"]
[Source "ChessBase"]
[SourceDate "2009.05.05"]
[SourceVersion "2"]
[SourceVersionDate "2009.05.20"]
[SourceQuality "1"]

1. e4 c5 2. Nf3 d6 3. d4 cxd4 4. Nxd4 Nf6 5. Nc3 a6 6. a4 b6 7. Be2 Bb7 8. f3 e6 9. Be3 Be7 10. 0-0 Nbd7 11. Kh1 Rc8 12. Qe1 0-0 13. Qf2 Qc7 14. g4 Nc5 15. Nb3 Qb8 16. Kg1 Rfe8 17. Nxc5 bxc5 18. g5 Nd7 19. Rad1 Qa8 20. Bc4 Nb6 21. Ba2 d5 22. exd5 exd5 23. Bc1 d4 24. Ne4 Nxa4 25. Nf6+ gxf6 26. Qh4 f5 27. Bxf7+ Kxf7 28. Qxh7+ Ke6 29. Rde1+ Kd7 30. Qxf5+ Kc7 31. Bf4+ Kb6 32. b4 Ka7 33. b5 axb5 34. Qd7 Bxg5 35. Bg3 Rxe1 36. Rxe1 Be3+ 37. Kf1 Rf8 38. Ra1 Qe8 39. Qc7 Rxf3+ 0-1

[Event "Villa Martelli Pro Am op 15th"]
[Site "Villa Martelli"]
[Date "2008.10.10"]
[Round "1"]
[White "De Dovitiis, Alejo"]
[Black "Maucci, Luis Marcelo"]
[Result "1-0"]
[WhiteElo "2347"]
[BlackElo "1959"]
[PlyCount "51"]
[EventDate "2008.10.10"]
[EventType "swiss"]
[EventRounds "9"]
[EventCountry "ARG"]
[SourceTitle "CBM 126 Extra"]
[Source "ChessBase"]
[SourceDate "2008.11.05"]
[SourceVersion "1"]
[SourceVersionDate "2008.11.05"]
[SourceQuality "1"]

1. e4 c5 2. Nf3 d6 3. d4 cxd4 4. Nxd4 Nf6 5. Nc3 a6 6. Bg5 e6 7. f4 Qb6 8. Nb3 Nbd7 9. Qf3 Qc7 10. Bd3 h6 11. Bh4 Be7 12. 0-0 Rb8 13. Rae1 b5 14. e5 Bb7 15. Qg3 Nh5 16. Qg4 Bxh4 17. Qxh4 g6 18. f5 Qc6 19. Be4 Qb6+ 20. Kh1 Bxe4 21. Nxe4 dxe5 22. fxg6 fxg6 23. Rd1 Nf4 24. Nd6+ Kf8 25. Rxf4+ exf4 26. Qxf4+ 1-0

[Event "Villa Ballester op 56th"]
[Site "Villa Ballester"]
[Date "2006.01.04"]
[Round "1"]
[White "Leskovar, Matias"]
[Black "Maucci, Luis Marcelo"]
[Result "1-0"]
[WhiteElo "2317"]
[BlackElo "2021"]
[PlyCount "27"]
[EventDate "2006.01.03"]
[EventType "swiss"]
[EventRounds "9"]
[EventCountry "ARG"]
[SourceTitle "CBM 110 Extra"]
[Source "ChessBase"]
[SourceDate "2006.03.10"]
[SourceVersion "2"]
[SourceVersionDate "2006.03.10"]
[SourceQuality "1"]

1. d4 Nf6 2. Nf3 e6 3. Bg5 h6 4. Bxf6 Qxf6 5. e4 d6 6. Nc3 Nd7 7. Qd2 g6 8. Nb5 Qd8 9. Qc3 c6 10. d5 Rg8 11. dxc6 Nc5 12. c7 Qd7 13. 0-0-0 a6 14. Ne5 1-0

[Event "Villa Martelli op"]
[Site "Villa Martelli"]
[Date "2006.??.??"]
[Round "6"]
[White "Arbulu Rocha, Miguel"]
[Black "Maucci, Luis Marcelo"]
[Result "1/2-1/2"]
[WhiteElo "1818"]
[BlackElo "1990"]
[PlyCount "76"]
[EventDate "2006.07.??"]
[EventType "swiss"]
[EventRounds "9"]
[EventCountry "ARG"]
[SourceTitle "EXT 2008"]
[Source "ChessBase"]
[SourceDate "2007.11.25"]
[SourceVersion "1"]
[SourceVersionDate "2007.11.25"]
[SourceQuality "1"]

1. e4 c5 2. Nc3 Nc6 3. f4 e6 4. g3 d5 5. e5 Nge7 6. Bg2 Nf5 7. Nf3 Be7 8. 0-0 0-0 9. Re1 Rb8 10. g4 Nfd4 11. Nxd4 cxd4 12. Ne2 f6 13. exf6 Bxf6 14. g5 Be7 15. d3 Bd6 16. Rf1 Qc7 17. a3 Bd7 18. Qe1 Rf7 19. Qh4 Rbf8 20. Bd2 a6 21. Kh1 b5 22. Rf3 g6 23. Rh3 Be8 24. Rf1 a5 25. Qf2 Qa7 26. Rh6 b4 27. a4 b3 28. cxb3 Qb6 29. h4 Qxb3 30. Nxd4 Nxd4 31. Qxd4 Qxa4 32. Qxa4 Bxa4 33. h5 gxh5 34. Rxe6 Bxf4 35. Bxd5 Bxd2 36. Ref6 Be8 37. g6 hxg6 38. Bxf7+ Bxf7 1/2-1/2

[Event "Villa Ballester LV op"]
[Site "Villa Ballester"]
[Date "2005.01.14"]
[Round "7"]
[White "Sanchez, Carlos"]
[Black "Maucci, Luis Marcelo"]
[Result "1-0"]
[WhiteElo "1709"]
[BlackElo "2033"]
[PlyCount "107"]
[EventDate "2005.01.05"]
[EventType "swiss"]
[EventRounds "9"]
[EventCountry "ARG"]
[SourceTitle "CBM 104 Extra"]
[Source "ChessBase"]
[SourceDate "2005.03.01"]
[SourceVersion "1"]
[SourceVersionDate "2005.03.01"]
[SourceQuality "1"]

1. c4 e5 2. Nc3 Nf6 3. g3 Bb4 4. Bg2 0-0 5. d3 Bxc3+ 6. bxc3 Re8 7. e4 c6 8. Bg5 h6 9. Bxf6 Qxf6 10. Ne2 d6 11. 0-0 Bg4 12. Rb1 Qe7 13. f3 Be6 14. f4 Bg4 15. Bf3 Bxf3 16. Rxf3 Na6 17. Qf1 Nc5 18. Qf2 d5 19. cxd5 cxd5 20. fxe5 dxe4 21. dxe4 Nxe4 22. Qd4 Ng5 23. Re3 b6 24. Nf4 Rad8 25. Nd5 Qb7 26. c4 Qc8 27. Rd1 Kh8 28. Rdd3 Ne6 29. Qg4 Nc5 30. Qxc8 Rxc8 31. Ra3 Nd7 32. Rxa7 Nxe5 33. Nxb6 Rc6 34. Ra5 Rb8 35. Rexe5 Rbxb6 36. Reb5 Ra6 37. c5 Kg8 38. a4 Kf8 39. Kf2 Ke7 40. Ke3 Re6+ 41. Kd3 Rac6 42. Ra7+ Kf6 43. Rab7 Re1 44. R7b6 Rce6 45. a5 R1e3+ 46. Kc4 R3e4+ 47. Kb3 Re3+ 48. Ka4 R3e4+ 49. Rb4 Re2 50. Rb2 R2e4+ 51. Kb5 Re1 52. a6 Ra1 53. Rxe6+ Kxe6 54. Kb6 1-0

[Event "Torre Blanca op"]
[Site "Buenos Aires"]
[Date "2004.08.19"]
[Round "4"]
[White "Maucci, Luis Marcelo"]
[Black "Justum, Sebastien"]
[Result "1-0"]
[WhiteElo "2012"]
[BlackElo "1911"]
[PlyCount "59"]
[EventDate "2004.08.05"]
[EventType "swiss"]
[EventRounds "7"]
[EventCountry "ARG"]
[SourceTitle "EXT 2006"]
[Source "ChessBase"]
[SourceDate "2005.11.24"]
[SourceVersion "1"]
[SourceVersionDate "2005.11.24"]
[SourceQuality "1"]

1. e4 e5 2. Nf3 Nc6 3. Bb5 a6 4. Ba4 Nf6 5. 0-0 Nxe4 6. d4 b5 7. Bb3 d5 8. dxe5 Be6 9. Qe2 Be7 10. Rd1 Na5 11. Nbd2 Nxd2 12. Bxd2 Nxb3 13. axb3 0-0 14. b4 Qd7 15. Nd4 c5 16. bxc5 Bxc5 17. Be3 Rfc8 18. c3 Be7 19. Qd3 Qc7 20. f4 Bc5 21. f5 Bd7 22. e6 Bxd4 23. exf7+ Kxf7 24. Qxd4 Bc6 25. Rf1 Re8 26. f6 g6 27. Qh4 h5 28. Bd4 Qd6 29. Qg5 Qf8 30. Qf4 1-0

[Event "Vicente Lopez IRT op"]
[Site "Vicente Lopez"]
[Date "2004.07.17"]
[Round "9"]
[White "Cereijo, Nicolas"]
[Black "Maucci, Luis Marcelo"]
[Result "0-1"]
[WhiteElo "2121"]
[BlackElo "2010"]
[PlyCount "72"]
[EventDate "2004.07.09"]
[EventType "swiss"]
[EventRounds "10"]
[EventCountry "ARG"]
[SourceTitle "EXT 2005"]
[Source "ChessBase"]
[SourceDate "2004.11.15"]
[SourceVersion "1"]
[SourceVersionDate "2004.11.15"]
[SourceQuality "1"]

1. e4 c5 2. Nf3 d6 3. d4 cxd4 4. Nxd4 Nf6 5. Nc3 a6 6. Bg5 e6 7. f4 Qb6 8. Qd2 Qxb2 9. Nb3 Qa3 10. Bxf6 gxf6 11. Be2 h5 12. 0-0 Nc6 13. Rad1 Qb4 14. Kh1 Qb6 15. Bf3 Bd7 16. Rfe1 0-0-0 17. Rb1 Qc7 18. Re3 Kb8 19. Be2 Ka8 20. Rh3 h4 21. Qe1 Be7 22. Nd2 Nd4 23. Bf1 Nxc2 24. Qf2 Qc5 25. Qe2 Nd4 26. Qd1 Bc6 27. Na4 Qa5 28. Nb6+ Ka7 29. Ndc4 Qc5 30. Ra3 h3 31. Ra5 Nb5 32. gxh3 Bxe4+ 33. Bg2 Bxg2+ 34. Kxg2 Rdg8+ 35. Kh1 Qc6+ 36. Nd5 Qxc4 0-1

[Event "Torre Blanca op"]
[Site "Buenos Aires"]
[Date "2003.12.09"]
[Round "4.8"]
[White "Maucci, Luis Marcelo"]
[Black "Alvarez Castillo, Hector Adrian"]
[Result "0-1"]
[WhiteElo "2036"]
[BlackElo "2245"]
[PlyCount "56"]
[EventDate "2003.12.02"]
[EventType "swiss"]
[EventRounds "9"]
[EventCountry "ARG"]
[SourceTitle "CBM 097 Extra"]
[Source "ChessBase"]
[SourceDate "2004.01.13"]
[SourceVersion "1"]
[SourceVersionDate "2004.01.13"]
[SourceQuality "1"]

1. e4 Nf6 2. e5 Nd5 3. d4 d6 4. Nf3 Bg4 5. Be2 e6 6. 0-0 Be7 7. h3 Bh5 8. c4 Nb6 9. Nc3 0-0 10. Be3 Nc6 11. exd6 cxd6 12. d5 Bxf3 13. Bxf3 Ne5 14. b3 Nxf3+ 15. Qxf3 e5 16. Rac1 Nd7 17. Qe2 f5 18. f4 e4 19. Bd4 Bf6 20. Bxf6 Qxf6 21. Nb5 Nc5 22. Nc7 Rac8 23. Nb5 a6 24. Nc3 Nd3 25. Rc2 b5 26. Nd1 bxc4 27. bxc4 Qd4+ 28. Ne3 g5 0-1

[Event "Torre Blanca op"]
[Site "Buenos Aires"]
[Date "2003.12.04"]
[Round "2.8"]
[White "Garcia, Sebastian"]
[Black "Maucci, Luis Marcelo"]
[Result "1-0"]
[WhiteElo "2144"]
[BlackElo "2036"]
[PlyCount "73"]
[EventDate "2003.12.02"]
[EventType "swiss"]
[EventRounds "9"]
[EventCountry "ARG"]
[SourceTitle "CBM 097 Extra"]
[Source "ChessBase"]
[SourceDate "2004.01.13"]
[SourceVersion "1"]
[SourceVersionDate "2004.01.13"]
[SourceQuality "1"]

1. e4 c5 2. Nf3 d6 3. d4 cxd4 4. Nxd4 Nf6 5. Nc3 a6 6. Be2 e5 7. Nb3 Be7 8. 0-0 0-0 9. f4 Qc7 10. a4 Be6 11. Kh1 Nbd7 12. a5 Rac8 13. f5 Bc4 14. Bg5 Rfe8 15. Bxc4 Qxc4 16. Ra4 Qc6 17. Bxf6 Nxf6 18. Rf3 Red8 19. Rd3 Rd7 20. Rb4 Rdc7 21. Rd2 Qd7 22. h3 Rxc3 23. bxc3 d5 24. Rb6 Nxe4 25. Rxd5 Qxf5 26. Qf3 Qxf3 27. gxf3 Nxc3 28. Rxe5 Bf6 29. Rc5 Re8 30. Rxf6 gxf6 31. Rxc3 Re5 32. Rc5 Re1+ 33. Kg2 Re7 34. Nd4 Rd7 35. Nf5 Rd8 36. Rc7 Rb8 37. Nd6 1-0

[Event "Torre Blanca op"]
[Site "Buenos Aires"]
[Date "2003.12.02"]
[Round "1.8"]
[White "Maucci, Luis Marcelo"]
[Black "Lemos, Damian"]
[Result "0-1"]
[WhiteElo "2036"]
[BlackElo "2218"]
[PlyCount "44"]
[EventDate "2003.12.02"]
[EventType "swiss"]
[EventRounds "9"]
[EventCountry "ARG"]
[SourceTitle "CBM 097 Extra"]
[Source "ChessBase"]
[SourceDate "2004.01.13"]
[SourceVersion "1"]
[SourceVersionDate "2004.01.13"]
[SourceQuality "1"]

1. e4 e6 2. d4 d5 3. Nd2 Nc6 4. Ngf3 Nf6 5. e5 Nd7 6. Be2 Ndb8 7. 0-0 b6 8. c4 dxc4 9. Nxc4 Be7 10. Ne3 Nb4 11. Bd2 0-0 12. Qb3 Nd5 13. Nxd5 exd5 14. Rfd1 Be6 15. Rac1 Nd7 16. Qc2 c5 17. Bd3 g6 18. Bh6 c4 19. Bxf8 cxd3 20. Bxe7 dxc2 21. Bxd8 cxd1Q+ 22. Rxd1 Rxd8 0-1